| 000 | 01010 a2200241 4500 | ||
|---|---|---|---|
| 005 | 20081010123043.0 | ||
| 008 | 081010t xxu||||| |||| 00| 0 ur d | ||
| 010 | _aUR-7337 | ||
| 020 |
_a8182232899 _c60.00 |
||
| 035 | _aU-5892 | ||
| 037 | _bD.B.Act / Pub | ||
| 082 | _aک | ||
| 100 | _aگند و تر ہ راجپا ل | ||
| 245 |
_aبس ايک ٹيلی فون _b(افسا نوی مجمو عہ) _cرا جپا ل گند و تر ہ |
||
| 246 |
_aBas Ek Telephone(Short Stories) _bRajpal Gandotra |
||
| 260 |
_aدھلی _bايجو کيشنل پبليشنگ ہا ؤس _c2007 |
||
| 270 |
_a3108،وکيل اسٹر يٹ کو چہ پنڈ ت لال کنو اں _bدھلی _e110006 _k23216162 _l009101123211542 _minfo@phbooks.com,ephdelhi@yahoo.com |
||
| 300 |
_a75p _c22cm (Pbk) |
||
| 650 | _aStory | ||
| 650 | _aک | ||
| 942 |
_adpl _cUR _k _2ddc _hک _mگ ن د |
||
| 999 |
_c5267 _d5267 |
||